| 000 | 01116nam a2200253 4500 | ||
|---|---|---|---|
| 001 | 391 | ||
| 003 | OSt | ||
| 005 | 20250408160745.0 | ||
| 008 | 250408b |||||||b |||| 00| 1 eng d | ||
| 040 | _bpor | ||
| 041 | _hpor | ||
| 082 |
_aI 028.5 _bR871 |
||
| 245 |
_aO Rouxinol / _cIlustrações de Psonha |
||
| 260 |
_aBelo Horizonte _bEducacional _c1998 |
||
| 300 |
_a23 p. _bil. |
||
| 520 | _aO conto fala sobre um rouxinol de canto maravilhoso que vivia livre em uma floresta na China. Um dia, o imperador ouviu falar da beleza de seu canto e mandou buscá-lo para cantar em seu palácio. Porém, o rouxinol foi preso em uma gaiola e, triste, parou de cantar. Percebendo a tristeza do pássaro, o imperador decidiu libertá-lo. Livre novamente, o rouxinol voltou a cantar alegremente, tornando-se amigo do imperador e trazendo alegria ao palácio com sua canção. | ||
| 650 | 0 |
_aLiteratura Brasileira _9205 |
|
| 650 | 0 |
_aInfantil _9535 |
|
| 650 | 0 |
_aRespeito aos animais _9820 |
|
| 650 | 0 |
_aRouxinol _9821 |
|
| 655 | 0 |
_aLivro Infantil _9568 |
|
| 700 | 1 |
_aPsonha, _d1980- _eILUSTRADOR _9823 |
|
| 942 |
_2ddc _n0 _cBK |
||
| 999 |
_c391 _d391 |
||